| 000 | 00354nam a2200133Ia 4500 | ||
|---|---|---|---|
| 008 | 240624s9999 xx 000 0 und d | ||
| 041 | _aeng | ||
| 082 | _a658.403 JOH | ||
| 100 | _aJOHNSON RICHARD A | ||
| 245 | _aBUSINESS STATISTICS DECISION MAKING WITH | ||
| 260 |
_c2007 _aNew Delhi _bWiley India |
||
| 300 | _axii, , 769 , 25 , p. : cm. | ||
| 365 |
_c _b30 |
||
| 999 |
_c6786 _d6786 |
||